Tax Progressivity and Income Inequality : (Record no. 613281)

MARC details
000 -LEADER
fixed length control field 00534nam a2200193 a 4500
008 - FIXED-LENGTH DATA ELEMENTS--GENERAL INFORMATION
fixed length control field 260220s1996##################000#0#eng##
020 ## - INTERNATIONAL STANDARD BOOK NUMBER
ISBN 9780521587761
082 04 - DEWEY DECIMAL CLASSIFICATION NUMBER
Classification number 336.200973
Item number SLE
100 1# - MAIN ENTRY--AUTHOR NAME
Personal name Slemrod, Joel,
245 10 - TITLE STATEMENT
Title Tax Progressivity and Income Inequality :
260 ## - PUBLICATION, DISTRIBUTION, ETC. (IMPRINT)
Name of publisher Cambridge University Press,
Year of publication 1996.
300 ## - PHYSICAL DESCRIPTION
Number of Pages 388 pages
650 #0 - SUBJECT ADDED ENTRY--TOPICAL TERM
Topical Term Business & Economics.
942 ## - ADDED ENTRY ELEMENTS (KOHA)
Koha item type English Books
Holdings
Withdrawn status Lost status Damaged status Not for loan Home library Current library Date acquired Full call number Accession Number Price effective from Koha item type
        Anna Centenary Library Anna Centenary Library 20.02.2026 336.200973 SLE 100770 20.02.2026 English Books

Find us on the map